=LDR 00000nam 2200000 4500 =001 NUTBA000000000004260 =005 20140910083536.0 =006 =007 =008 =020 ##$$a 979-28-1029-5 =035 ##$$a 0010-091400000000293 =040 ##$$a NBPDMAT =082 ##$$a 507.6 =084 ##$$a 507.6 Ris i =100 ##$$a Risdiyani =245 ##$$a IPA Terpadu Untuk SMP/MTS Kelas IX / $c Risdiyani Chasanah =250 ##$$a Cet. 1 =260 ##$$a Klaten : $b Intan Pariwara, $c 2010 =300 ##$$a vi, 218 hlm. : $b ilus. ; $c 28 cm. =500 ##$$a 218 =650 ##$$a SAINS-SMP-SOAL DSB =990 ##$$a 21411162 =990 ##$$a 0001/BPAP-NTB/20142014